Pirueta (Record no. 125111)

MARC details
000 -LEADER
campo de control de longitud fija 00832nam a2200241 i 4500
001 - NÚMERO DE CONTROL
campo de control 125111
003 - IDENTIFICADOR DE NÚMERO DE CONTROL
campo de control ES-MaACL
005 - FECHA Y HORA DE LA ÚLTIMA TRANSACCIÓN
campo de control 20230906192545.0
007 - CAMPO FIJO DE DESCRIPCIÓN FÍSICA--INFORMACIÓN GENERAL
campo de control de longitud fija t|
008 - DATOS DE LONGITUD FIJA--INFORMACIÓN GENERAL
campo de control de longitud fija 070504s1931 sp ||||1| spa d
080 ## - NÚMERO DE LA CLASIFICACIÓN DECIMAL UNIVERSAL
Número de la Clasificación Decimal Universal 86-221"19"
100 1# - ENTRADA PRINCIPAL--NOMBRE DE PERSONA
Nombre de persona Milla, Fernando de la.
9 (RLIN) 81121
245 10 - MENCIÓN DEL TÍTULO
Título Pirueta
Resto del título : comedia en tres actos /
Mención de responsabilidad, etc. Fernando de la Milla ; dibujos de Merlo.
260 ## - PUBLICACIÓN, DISTRIBUCIÓN, ETC.
Lugar de publicación, distribución, etc. Madrid :
Nombre del editor, distribuidor, etc. Rivadeneyra,
Fecha de publicación, distribución, etc. 1931.
300 ## - DESCRIPCIÓN FÍSICA
Extensión 70 p. ;
Dimensiones 17 cm.
490 1# - MENCIÓN DE SERIE
Mención de serie La Farsa ;
Designación de volumen o secuencia 175
500 ## - NOTA GENERAL
Nota general Estrenada en el Teatro Reina Victoria, de Madrid, la noche del 10 de diciembre de 1930.
500 ## - NOTA GENERAL
Nota general Cubierta de este número: Sagra del Río y Fernando Soler en una escena de Pirueta.
700 1# - ENTRADA AGREGADA--NOMBRE PERSONAL
Nombre de persona Merlo, Antonio.
9 (RLIN) 80579
830 0# - PUNTO DE ACCESO ADICIONAL DE SERIE-TÍTULO UNIFORME
Título uniforme La Farsa ;
Designación de volumen o secuencia 175
9 (RLIN) 185863
852 ## - LOCALIZACIÓN
Ubicación ES-MaACL
Número de control de estantería 2223-F-3
Sublocalización o colección R.140737
Holdings
Estatus retirado Estado de pérdida Estado de daño No para préstamo Colección Biblioteca de origen Biblioteca actual Ubicación en estantería Fecha de adquisición Fuente de adquisición Total de préstamos Signatura topográfica completa Código de barras Visto por última vez Precio de reemplazo Tipo de ítem Koha
        Colección de folletos Biblioteca del Ateneo de Madrid Biblioteca del Ateneo de Madrid Depósito folletos 17/01/2008     2223-F-3 1130345 23/02/2023 23/02/2023 Folleto